Analýza metód rozvoja kvality dizertačná práca

Saved in:
Bibliographic Details
Main Author: Kasanická, Miriam
Corporate Author: Fakulta podnikového manažmentu EU. Katedra manažmentu výroby a logistiky - zrušená
Other Authors: Leščišin, Michal
Format: Book
Language:Slovak
Published: Bratislava 2012
Subjects:
Tags: Add Tag
No Tags, Be the first to tag this record!

MARC

LEADER 00000nbm a2200000 4500
001 0157656
005 20240502072743.1
041 0 |a slo 
044 |a SK 
245 1 0 |a Analýza metód rozvoja kvality  |b dizertačná práca  |c Miriam Kasanická ; školiteľ: Michal Leščišin 
264 1 |a Bratislava  |c 2012 
300 |a 158 s. 
610 2 0 |a kvalita 
610 2 0 |a metódy 
610 2 0 |a analýzy 
610 2 0 |a kultúra podniková 
610 2 0 |a riadenie podnikové 
100 1 |a Kasanická, Miriam 
700 1 |a Leščišin, Michal 
710 2 |a Fakulta podnikového manažmentu EU. Katedra manažmentu výroby a logistiky - zrušená